| 000 -ლიდერი |
| ფიქსირებული სიგრძის საკონტროლო ველი |
01324nam a2200229Ia 4500 |
| 001 - საკონტროლო ნომერი |
| საკონტროლო ველი |
4172 |
| 003 - საკონტროლო ნომრის იდენტიფიკატორი |
| საკონტროლო ველი |
GE_BSU |
| 005 - ბოლო ოპერაციის თარიღი და დრო |
| საკონტროლო ველი |
20190927142113.0 |
| 008 - ფიქსირებული სიგრძის მონაცემთა ელემენტები - ზოგადი ინფორმაცია |
| ფიქსირებული სიგრძის საკონტროლო ველი |
181216s1988||||ge |||||||||||||| ||geo|| |
| 040 ## - კატალოგიზაციის წყარო |
| Transcribing agency |
GE_BSU |
| 041 ## - ენის კოდი |
| Language code of text/sound track or separate title |
geo |
| 080 ## - უნივერსალური ათობითი კლასიფიკაციის ინდექსი |
| Universal Decimal Classification number |
34(479.22) ქ–27 |
| 245 ## - ცნობა სათაურის შესახებ |
| Title |
ქართული ჩვეულებითი სამართალი : |
| Remainder of title |
კრებული / |
| Statement of responsibility, etc |
მთ. რედ. მიხაკო კეკელია. |
| 264 ## - წარმოების, გამოცემის, დისტრიბუციის და სხვა ცნობები |
| გამოცემის, წარმოების, დისტრიბუციის... ადგილი |
თბილისი : |
| გამოცემის, წარმოების, დისტრიბუციის... სახელწოდება |
მეცნიერება, |
| გამოცემის, წარმოების, დისტრიბუციის... თარიღი |
1988. |
| 300 ## - ფიზიკური აღწერა |
| Extent |
204 გვ. ; |
| Other physical details |
21 სმ. |
| 653 ## - INDEX TERM--UNCONTROLLED |
| Uncontrolled term |
ქართული ჩვეულებითი სამართალი |
| 700 ## - ADDED ENTRY--PERSONAL NAME |
| Personal name |
კეკელია, მიხაკო |
| Relator term |
ავტორი |
| 9 (RLIN) |
4359 |
| 700 ## - ADDED ENTRY--PERSONAL NAME |
| Personal name |
მერაბიშვილი, ჯამლეთ |
| Relator term |
ავტორი |
| 9 (RLIN) |
4360 |
| 700 ## - ADDED ENTRY--PERSONAL NAME |
| Personal name |
ჯალაბაძე, დავით |
| Relator term |
ავტორი |
| 9 (RLIN) |
4361 |
| 710 ## - ADDED ENTRY--CORPORATE NAME |
| Corporate name or jurisdiction name as entry element |
საქ. სსრ მეცნ. აკად., სოც., კულტ. ტრადიციათა პრობლემების სამეცნ./საკოორდ. ცენტრი "ქართული ჩვეულებითი სამართლის შემსწავლელი ლაბორატორია" |
| 9 (RLIN) |
4362 |
| 942 ## - ADDED ENTRY ELEMENTS (KOHA) |
| Koha item type |
წიგნი |
| Source of classification or shelving scheme |
|